Towards an inter-Emirate urban conservation strategy in the United Arab Emirates (Record no. 102138)

MARC details
000 -LEADER
fixed length control field 01115cam a2200265 4500
008 - FIXED-LENGTH DATA ELEMENTS--GENERAL INFORMATION
fixed length control field 020613n2002 000 0 eng u
020 ## - INTERNATIONAL STANDARD BOOK NUMBER
International Standard Book Number 184219092X
022 ## - INTERNATIONAL STANDARD SERIAL NUMBER
International Standard Serial Number 1464648X
035 ## - SYSTEM CONTROL NUMBER
System control number (Sirsi) u118403
050 ## - LIBRARY OF CONGRESS CALL NUMBER
Classification number 690.241
100 ## - MAIN ENTRY--PERSONAL NAME
Personal name Boussaa, D.
245 ## - TITLE STATEMENT
Title Towards an inter-Emirate urban conservation strategy in the United Arab Emirates
Medium [electronic resource]
260 ## - PUBLICATION, DISTRIBUTION, ETC.
Place of publication, distribution, etc. London
Name of publisher, distributor, etc. RICS Foundation
Date of publication, distribution, etc. 2002
300 ## - PHYSICAL DESCRIPTION
Extent iv,15p.
Dimensions 30cm.
490 ## - SERIES STATEMENT
Series statement RICS Foundation Our Common Estate Series
520 ## - SUMMARY, ETC.
Summary, etc. Examines the problems facing heritage conservation in the Arab world using local case studies to illustrate the current situation.
650 ## - SUBJECT ADDED ENTRY--TOPICAL TERM
Topical term or geographic name entry element BUILT HERITAGE
650 ## - SUBJECT ADDED ENTRY--TOPICAL TERM
Topical term or geographic name entry element UAE
650 ## - SUBJECT ADDED ENTRY--TOPICAL TERM
Topical term or geographic name entry element UNITED ARAB EMIRATES
650 ## - SUBJECT ADDED ENTRY--TOPICAL TERM
Topical term or geographic name entry element URBAN CONSERVATION
690 ## - LOCAL SUBJECT ADDED ENTRY--TOPICAL TERM (OCLC, RLIN)
Topical term or geographic name as entry element BUILT ENVIRONMENT-BUILDING MAINTENANCE AND REFURBISHMENT-BUILDING CONSERVATION
710 ## - ADDED ENTRY--CORPORATE NAME
Corporate name or jurisdiction name as entry element Royal Institution of Chartered Surveyors
Subordinate unit Foundation
9 (RLIN) 4173
856 41 - ELECTRONIC LOCATION AND ACCESS
Uniform Resource Identifier <a href="https://epicms.rics.org/Global/Downloads/TowardsInterEmirateUrbanConservationStrategy2002.pdf">https://epicms.rics.org/Global/Downloads/TowardsInterEmirateUrbanConservationStrategy2002.pdf</a>
Public note View this item free of charge at www.rics.org
942 ## - ADDED ENTRY ELEMENTS (KOHA)
Suppress in OPAC 0
Holdings
Withdrawn status Lost status Source of classification or shelving scheme Damaged status Not for loan Home library Current library Shelving location Date acquired Total Checkouts Full call number Barcode Date last seen Copy number Price effective from Koha item type
    Dewey Decimal Classification     London London RICS Boxes 13/06/2002   RICS 2002/17 30066070 06/08/2019 1 06/08/2019 Archive
    Dewey Decimal Classification     London London RICS Boxes 13/06/2002   RICS 2002/17 30066071 06/08/2019 2 06/08/2019 Reference material
    Dewey Decimal Classification     London London RICS Boxes 13/06/2002   RICS 2002/17 30066072 06/08/2019 3 06/08/2019 Book